| 000 | 00440nam a22001337a 4500 | ||
|---|---|---|---|
| 040 | _cNUST | ||
| 082 | _a200 THE | ||
| 100 |
_aAttique ur Rehman _984373 |
||
| 110 | _aSupervisor Dr. Wasi Haider Butt | ||
| 245 | _aTH-SOF-1980.A Unified Machine Learning Framework for Effective Prediction of liver disease – Fatty Liver Towards Cirrhosis | ||
| 260 |
_aISLAMABAD: _bNUST COLLEGE OF EME, _c2022. |
||
| 650 | _aMS-CSE-19 | ||
| 942 |
_2ddc _cTHE |
||
| 999 |
_c589057 _d589057 |
||